[Event "ODJM A 2024"]
[Site "Willingen GER"]
[Date "2024.05.21"]
[Round "4"]
[White "Harutyunyan, Hovhannes"]
[Black "Ruddat, Jarne"]
[Result "1/2-1/2"]
[Termination "normal"]
[Board "19"]
[WhiteElo "1914"]
[BlackElo "1854"]
[WhiteClock "00:38:56"]
[BlackClock "00:25:44"]
[PlyCount "91"]
[WhiteFideId "16281942"]
[BlackFideId "16254236"]
[EventCountry "GER"]
[EventRounds "9"]
[EventType "swiss"]
[EventDate "2024.05.18"]

1. d4 {[%clk 01:30:49]} {[%emt 00:00:11]} Nf6 {[%clk 01:30:51]} {[%emt
00:00:08]} 2. Nf3 {[%clk 01:31:07]} {[%emt 00:00:12]} g6 {[%clk 01:31:16]}
{[%emt 00:00:05]} 3. g3 {[%clk 01:31:23]} {[%emt 00:00:15]} Bg7 {[%clk
01:31:12]} {[%emt 00:00:33]} 4. Bg2 {[%clk 01:31:48]} {[%emt 00:00:06]} O-O
{[%clk 01:31:33]} {[%emt 00:00:09]} 5. O-O {[%clk 01:32:11]} {[%emt 00:00:07]}
d5 {[%clk 01:30:58]} {[%emt 00:01:04]} 6. b3 {[%clk 01:32:33]} {[%emt
00:00:09]} Nbd7 {[%clk 01:30:02]} {[%emt 00:01:26]} 7. Bb2 {[%clk 01:32:29]}
{[%emt 00:00:34]} c5 {[%clk 01:26:45]} {[%emt 00:03:47]} 8. e3 {[%clk
01:30:41]} {[%emt 00:02:18]} Ne4 {[%clk 01:22:07]} {[%emt 00:05:09]} 9. Nbd2
{[%clk 01:26:53]} {[%emt 00:04:17]} Ndf6 {[%clk 01:14:00]} {[%emt 00:08:37]}
10. Ne5 {[%clk 01:22:21]} {[%emt 00:05:02]} cxd4 {[%clk 01:04:16]} {[%emt
00:10:15]} 11. exd4 {[%clk 01:21:46]} {[%emt 00:01:04]} Bf5 {[%clk 01:04:17]}
{[%emt 00:00:29]} 12. f3 {[%clk 01:19:54]} {[%emt 00:02:21]} Nxd2 {[%clk
01:01:30]} {[%emt 00:03:18]} 13. Qxd2 {[%clk 01:20:20]} {[%emt 00:00:05]} Rc8
{[%clk 01:01:10]} {[%emt 00:00:49]} 14. Rac1 {[%clk 01:19:30]} {[%emt
00:01:20]} Nd7 {[%clk 01:00:01]} {[%emt 00:01:39]} 15. g4 {[%clk 01:19:07]}
{[%emt 00:00:54]} Nxe5 {[%clk 00:59:24]} {[%emt 00:01:06]} 16. dxe5 {[%clk
01:17:58]} {[%emt 00:01:40]} Be6 {[%clk 00:58:17]} {[%emt 00:01:35]} 17. h3
{[%clk 01:14:25]} {[%emt 00:04:04]} f5 {[%clk 00:54:39]} {[%emt 00:04:08]} 18.
exf6 {[%clk 01:13:17]} {[%emt 00:01:38]} Bxf6 {[%clk 00:53:30]} {[%emt
00:01:37]} 19. Bxf6 {[%clk 01:13:15]} {[%emt 00:00:34]} Rxf6 {[%clk 00:52:27]}
{[%emt 00:01:32]} 20. Rfe1 {[%clk 01:13:33]} {[%emt 00:00:13]} Qd6 {[%clk
00:52:11]} {[%emt 00:00:45]} 21. Re2 {[%clk 01:00:29]} {[%emt 00:13:35]} Bd7
{[%clk 00:50:57]} {[%emt 00:01:44]} 22. Rce1 {[%clk 00:58:34]} {[%emt
00:02:25]} e6 {[%clk 00:49:57]} {[%emt 00:01:30]} 23. Kh1 {[%clk 00:55:19]}
{[%emt 00:03:44]} b5 {[%clk 00:46:12]} {[%emt 00:04:16]} 24. Qd4 {[%clk
00:52:39]} {[%emt 00:03:10]} Rff8 {[%clk 00:43:28]} {[%emt 00:03:14]} 25. Rf1
{[%clk 00:42:09]} {[%emt 00:11:00]} a6 {[%clk 00:37:54]} {[%emt 00:06:04]} 26.
f4 {[%clk 00:41:51]} {[%emt 00:00:48]} Rce8 {[%clk 00:33:23]} {[%emt 00:05:01]}
27. Re5 {[%clk 00:39:33]} {[%emt 00:02:48]} Rf7 {[%clk 00:29:24]} {[%emt
00:04:28]} 28. c4 {[%clk 00:38:32]} {[%emt 00:01:32]} bxc4 {[%clk 00:29:41]}
{[%emt 00:00:14]} 29. bxc4 {[%clk 00:37:51]} {[%emt 00:01:10]} Qb4 {[%emt
00:01:24]} 30. f5 {[%clk 00:36:29]} {[%emt 00:00:55]} Qxc4 {[%clk 00:28:42]}
{[%emt 00:01:33]} 31. Qxc4 {[%clk 00:36:47]} {[%emt 00:00:12]} dxc4 {[%clk
00:29:08]} {[%emt 00:00:03]} 32. fxe6 {[%clk 00:36:31]} {[%emt 00:00:46]} Rxf1+
{[%clk 00:25:58]} {[%emt 00:03:40]} 33. Bxf1 {[%clk 00:36:55]} {[%emt
00:00:05]} Bb5 {[%clk 00:22:27]} {[%emt 00:04:01]} 34. a4 {[%clk 00:35:59]}
{[%emt 00:01:27]} Bxa4 {[%clk 00:22:32]} {[%emt 00:00:26]} 35. Bxc4 {[%clk
00:36:23]} {[%emt 00:00:05]} Bb5 {[%clk 00:22:52]} {[%emt 00:00:10]} 36. Bxb5
{[%clk 00:36:12]} {[%emt 00:00:41]} axb5 {[%clk 00:23:18]} {[%emt 00:00:04]}
37. Rxb5 {[%clk 00:36:37]} {[%emt 00:00:05]} Rxe6 {[%clk 00:23:44]} {[%emt
00:00:03]} 38. Kg2 {[%clk 00:37:00]} {[%emt 00:00:08]} Re3 {[%clk 00:23:35]}
{[%emt 00:00:39]} 39. Rb7 {[%clk 00:37:11]} {[%emt 00:00:19]} h6 {[%clk
00:23:44]} {[%emt 00:00:20]} 40. h4 {[%clk 00:37:24]} {[%emt 00:00:18]} Ra3
{[%clk 00:24:04]} {[%emt 00:00:09]} 41. h5 {[%clk 00:37:25]} {[%emt 00:00:30]}
gxh5 {[%clk 00:24:26]} {[%emt 00:00:08]} 42. gxh5 {[%clk 00:37:49]} {[%emt
00:00:06]} Ra5 {[%clk 00:24:49]} {[%emt 00:00:07]} 43. Kg3 {[%clk 00:38:11]}
{[%emt 00:00:09]} Rxh5 {[%clk 00:25:09]} {[%emt 00:00:10]} 44. Kg4 {[%clk
00:38:34]} {[%emt 00:00:06]} Ra5 {[%clk 00:25:30]} {[%emt 00:00:08]} 45. Kh4
{[%clk 00:38:56]} {[%emt 00:00:09]} h5 {[%clk 00:25:44]} {[%emt 00:00:16]} 46.
Rc7 {[%emt 00:00:31]} 1/2-1/2

[Event "ODJM A 2024"]
[Site "Willingen GER"]
[Date "2024.05.21"]
[Round "4"]
[White "Jansen, Malte"]
[Black "Schäfer, Daniel"]
[Result "0-1"]
[Termination "normal"]
[Board "21"]
[WhiteElo "1835"]
[BlackElo "1916"]
[WhiteClock "00:30:48"]
[BlackClock "00:09:32"]
[PlyCount "48"]
[WhiteFideId "16295137"]
[BlackFideId "16235088"]
[EventCountry "GER"]
[EventRounds "9"]
[EventType "swiss"]
[EventDate "2024.05.18"]

1. e4 {[%clk 01:30:54]} {[%emt 00:00:05]} e5 {[%clk 01:30:57]} {[%emt
00:00:03]} 2. Nf3 {[%clk 01:31:12]} {[%emt 00:00:11]} Nc6 {[%clk 01:31:24]}
{[%emt 00:00:04]} 3. Bc4 {[%clk 01:31:25]} {[%emt 00:00:17]} Bc5 {[%clk
01:31:51]} {[%emt 00:00:04]} 4. c3 {[%clk 01:31:36]} {[%emt 00:00:18]} Nf6
{[%clk 01:32:18]} {[%emt 00:00:04]} 5. d3 {[%clk 01:31:37]} {[%emt 00:00:28]}
h6 {[%clk 01:32:43]} {[%emt 00:00:05]} 6. a4 {[%clk 01:31:16]} {[%emt
00:00:50]} a5 {[%clk 01:33:02]} {[%emt 00:00:12]} 7. Be3 {[%clk 01:31:06]}
{[%emt 00:00:40]} Bxe3 {[%clk 01:31:06]} {[%emt 00:02:26]} 8. fxe3 {[%clk
01:31:25]} {[%emt 00:00:10]} O-O {[%clk 01:29:29]} {[%emt 00:02:07]} 9. O-O
{[%clk 01:31:17]} {[%emt 00:00:39]} d6 {[%clk 01:24:26]} {[%emt 00:05:33]} 10.
Nbd2 {[%clk 01:30:30]} {[%emt 00:01:16]} Ne7 {[%clk 01:20:07]} {[%emt
00:04:50]} 11. Qe2 {[%clk 01:21:22]} {[%emt 00:09:38]} Ng6 {[%clk 01:14:47]}
{[%emt 00:05:51]} 12. Bb3 {[%clk 01:18:59]} {[%emt 00:02:52]} Qe7 {[%clk
01:09:26]} {[%emt 00:05:51]} 13. Rae1 {[%clk 01:12:21]} {[%emt 00:07:08]} Be6
{[%clk 01:06:00]} {[%emt 00:03:56]} 14. Bc2 {[%clk 01:10:50]} {[%emt 00:02:01]}
c6 {[%clk 00:48:20]} {[%emt 00:18:10]} 15. Qf2 {[%clk 00:53:35]} {[%emt
00:17:44]} Qc7 {[%clk 00:43:00]} {[%emt 00:05:50]} 16. Nh4 {[%clk 00:49:48]}
{[%emt 00:04:18]} Ng4 {[%clk 00:35:58]} {[%emt 00:07:32]} 17. Qg3 {[%clk
00:49:20]} {[%emt 00:00:58]} Nxh4 {[%clk 00:35:53]} {[%emt 00:00:35]} 18. Qxh4
{[%clk 00:49:33]} {[%emt 00:00:17]} Qb6 {[%clk 00:36:08]} {[%emt 00:00:15]} 19.
b3 {[%clk 00:46:56]} {[%emt 00:03:06]} Qc5 {[%clk 00:35:04]} {[%emt 00:01:35]}
20. Nc4 {[%clk 00:44:15]} {[%emt 00:03:11]} Bxc4 {[%clk 00:17:13]} {[%emt
00:18:20]} 21. d4 {[%clk 00:41:51]} {[%emt 00:02:54]} Qa3 {[%clk 00:12:36]}
{[%emt 00:05:09]} 22. bxc4 {[%clk 00:33:14]} {[%emt 00:09:06]} Qxc3 {[%clk
00:12:01]} {[%emt 00:01:04]} 23. Re2 {[%clk 00:33:01]} {[%emt 00:00:43]} Nxe3
{[%clk 00:09:26]} {[%emt 00:03:05]} 24. Qg3 {[%clk 00:30:48]} {[%emt 00:02:43]}
exd4 {[%clk 00:09:32]} {[%emt 00:00:25]} 0-1

[Event "ODJM A 2024"]
[Site "Willingen GER"]
[Date "2024.05.21"]
[Round "4"]
[White "Bilenko, Yaroslav"]
[Black "Kieselbach, Marvin"]
[Result "1-0"]
[Termination "normal"]
[Board "22"]
[WhiteElo "2136"]
[BlackElo "1887"]
[WhiteClock "00:08:04"]
[BlackClock "00:25:48"]
[PlyCount "62"]
[WhiteFideId "34120165"]
[BlackFideId "16235770"]
[EventCountry "GER"]
[EventRounds "9"]
[EventType "swiss"]
[EventDate "2024.05.18"]

1. e4 {[%clk 01:30:56]} {[%emt 00:00:04]} c5 {[%clk 01:30:47]} {[%emt
00:00:14]} 2. Nf3 {[%clk 01:31:16]} {[%emt 00:00:10]} d6 {[%clk 01:31:04]}
{[%emt 00:00:13]} 3. d4 {[%clk 01:31:29]} {[%emt 00:00:16]} cxd4 {[%clk
01:31:28]} {[%emt 00:00:07]} 4. Nxd4 {[%clk 01:31:54]} {[%emt 00:00:05]} Nf6
{[%clk 01:31:52]} {[%emt 00:00:06]} 5. Nc3 {[%clk 01:32:15]} {[%emt 00:00:09]}
Nc6 {[%clk 01:31:46]} {[%emt 00:00:33]} 6. Bg5 {[%clk 01:32:17]} {[%emt
00:00:31]} e6 {[%clk 01:32:04]} {[%emt 00:00:12]} 7. Qd2 {[%clk 01:32:28]}
{[%emt 00:00:18]} a6 {[%clk 01:32:21]} {[%emt 00:00:13]} 8. O-O-O {[%clk
01:32:38]} {[%emt 00:00:21]} Bd7 {[%clk 01:32:36]} {[%emt 00:00:15]} 9. f4
{[%clk 01:32:29]} {[%emt 00:00:39]} Be7 {[%clk 01:32:06]} {[%emt 00:00:59]} 10.
Nf3 {[%clk 01:31:37]} {[%emt 00:01:22]} b5 {[%clk 01:32:01]} {[%emt 00:00:36]}
11. Bd3 {[%clk 01:27:09]} {[%emt 00:04:58]} b4 {[%clk 01:25:19]} {[%emt
00:07:11]} 12. Ne2 {[%clk 01:25:54]} {[%emt 00:01:45]} O-O {[%clk 01:11:43]}
{[%emt 00:14:06]} 13. Kb1 {[%clk 01:22:25]} {[%emt 00:03:59]} a5 {[%clk
01:06:38]} {[%emt 00:05:35]} 14. Bxf6 {[%clk 01:15:51]} {[%emt 00:07:05]} Bxf6
{[%clk 01:03:30]} {[%emt 00:03:38]} 15. g4 {[%clk 01:15:39]} {[%emt 00:00:41]}
Qb6 {[%clk 00:48:10]} {[%emt 00:15:51]} 16. g5 {[%clk 01:13:46]} {[%emt
00:02:23]} Be7 {[%clk 00:48:13]} {[%emt 00:00:26]} 17. h4 {[%clk 01:07:08]}
{[%emt 00:07:09]} b3 {[%clk 00:47:47]} {[%emt 00:00:55]} 18. cxb3 {[%clk
01:03:56]} {[%emt 00:03:42]} a4 {[%clk 00:47:57]} {[%emt 00:00:20]} 19. h5
{[%clk 01:01:25]} {[%emt 00:03:01]} axb3 {[%clk 00:44:28]} {[%emt 00:04:00]}
20. a3 {[%clk 00:59:42]} {[%emt 00:02:13]} Ra5 {[%clk 00:42:45]} {[%emt
00:02:13]} 21. h6 {[%clk 00:54:13]} {[%emt 00:05:58]} g6 {[%clk 00:36:06]}
{[%emt 00:07:10]} 22. Qc3 {[%clk 00:39:27]} {[%emt 00:15:15]} f6 {[%clk
00:35:58]} {[%emt 00:00:38]} 23. Bc4 {[%clk 00:25:13]} {[%emt 00:14:45]} Rf7
{[%clk 00:30:29]} {[%emt 00:05:59]} 24. Ned4 {[%clk 00:21:31]} {[%emt
00:04:12]} Rc5 {[%clk 00:28:21]} {[%emt 00:02:38]} 25. Qxb3 {[%clk 00:21:04]}
{[%emt 00:00:56]} Qxb3 {[%clk 00:28:36]} {[%emt 00:00:16]} 26. Bxb3 {[%clk
00:21:29]} {[%emt 00:00:04]} fxg5 {[%clk 00:27:19]} {[%emt 00:01:46]} 27. Nxe6
{[%clk 00:19:31]} {[%emt 00:02:30]} Bxe6 {[%clk 00:27:02]} {[%emt 00:00:47]}
28. Bxe6 {[%clk 00:19:54]} {[%emt 00:00:07]} gxf4 {[%clk 00:27:24]} {[%emt
00:00:08]} 29. Rhf1 {[%clk 00:18:39]} {[%emt 00:01:44]} Ne5 {[%clk 00:26:59]}
{[%emt 00:00:56]} 30. Rd5 {[%clk 00:08:05]} {[%emt 00:11:03]} g5 {[%clk
00:25:27]} {[%emt 00:02:02]} 31. Rxc5 {[%clk 00:08:04]} {[%emt 00:00:31]} Nxf3
{[%clk 00:25:48]} {[%emt 00:00:09]} 1-0

[Event "ODJM A 2024"]
[Site "Willingen GER"]
[Date "2024.05.21"]
[Round "4"]
[White "Ellinger, Maximilian"]
[Black "Astner, Sebastian"]
[Result "1/2-1/2"]
[Termination "normal"]
[Board "23"]
[WhiteElo "1818"]
[BlackElo "1930"]
[WhiteClock "00:25:36"]
[BlackClock "00:55:59"]
[PlyCount "58"]
[WhiteFideId "34631003"]
[BlackFideId "12979422"]
[EventCountry "GER"]
[EventRounds "9"]
[EventType "swiss"]
[EventDate "2024.05.18"]

1. e4 {[%clk 01:30:58]} Nc6 {[%clk 01:30:56]} {[%emt 00:00:05]} 2. d4 {[%clk
01:31:24]} {[%emt 00:00:04]} d5 {[%clk 01:31:22]} {[%emt 00:00:04]} 3. exd5
{[%clk 01:31:44]} {[%emt 00:00:09]} Qxd5 {[%clk 01:31:47]} {[%emt 00:00:06]} 4.
Nf3 {[%clk 01:32:07]} {[%emt 00:00:07]} e5 {[%clk 01:31:58]} {[%emt 00:00:19]}
5. Nc3 {[%clk 01:32:17]} {[%emt 00:00:20]} Bb4 {[%clk 01:32:22]} {[%emt
00:00:06]} 6. Bd2 {[%clk 01:32:21]} {[%emt 00:00:26]} Bxc3 {[%clk 01:32:40]}
{[%emt 00:00:13]} 7. Bxc3 {[%clk 01:32:46]} {[%emt 00:00:04]} e4 {[%clk
01:33:06]} {[%emt 00:00:04]} 8. Ne5 {[%clk 01:33:11]} {[%emt 00:00:05]} Nxe5
{[%clk 01:33:32]} {[%emt 00:00:05]} 9. dxe5 {[%clk 01:33:36]} {[%emt 00:00:04]}
Ne7 {[%clk 01:33:57]} {[%emt 00:00:05]} 10. Qxd5 {[%clk 01:32:47]} {[%emt
00:01:18]} Nxd5 {[%clk 01:34:22]} {[%emt 00:00:06]} 11. Bd2 {[%clk 01:33:02]}
{[%emt 00:00:15]} Bg4 {[%clk 01:30:29]} {[%emt 00:04:23]} 12. Bc4 {[%clk
01:23:09]} {[%emt 00:10:22]} O-O-O {[%clk 01:27:05]} {[%emt 00:03:55]} 13. h3
{[%clk 01:18:40]} {[%emt 00:05:00]} Bh5 {[%clk 01:24:58]} {[%emt 00:02:36]} 14.
g4 {[%clk 01:14:13]} {[%emt 00:04:57]} e3 {[%clk 01:12:25]} {[%emt 00:13:04]}
15. fxe3 {[%clk 01:08:54]} {[%emt 00:05:48]} Bg6 {[%clk 01:11:51]} {[%emt
00:01:04]} 16. O-O-O {[%clk 01:07:27]} {[%emt 00:01:57]} Rhe8 {[%clk 01:10:23]}
{[%emt 00:01:58]} 17. Bxd5 {[%clk 01:05:30]} {[%emt 00:02:27]} Rxd5 {[%clk
01:10:47]} {[%emt 00:00:07]} 18. Bc3 {[%clk 01:05:53]} {[%emt 00:00:05]} Be4
{[%clk 01:10:36]} {[%emt 00:00:42]} 19. Rhf1 {[%clk 01:03:07]} {[%emt
00:03:15]} Re7 {[%clk 01:08:11]} {[%emt 00:02:57]} 20. Rf4 {[%clk 00:52:16]}
{[%emt 00:11:20]} Rxd1+ {[%clk 01:07:23]} {[%emt 00:01:19]} 21. Kxd1 {[%clk
00:52:41]} {[%emt 00:00:04]} Bd5 {[%clk 01:07:34]} {[%emt 00:00:20]} 22. Ke2
{[%clk 00:40:47]} {[%emt 00:12:23]} Be6 {[%clk 01:07:08]} {[%emt 00:00:55]} 23.
Rd4 {[%clk 00:39:31]} {[%emt 00:01:46]} Rd7 {[%clk 01:04:03]} {[%emt 00:03:36]}
24. b3 {[%clk 00:38:01]} {[%emt 00:02:00]} c5 {[%clk 01:00:14]} {[%emt
00:04:19]} 25. Rd6 {[%clk 00:36:55]} {[%emt 00:01:35]} Kc7 {[%clk 00:57:04]}
{[%emt 00:03:41]} 26. Kf3 {[%clk 00:36:15]} {[%emt 00:01:09]} g6 {[%clk
00:56:19]} {[%emt 00:01:17]} 27. Rxd7+ {[%clk 00:29:20]} {[%emt 00:07:24]} Kxd7
{[%clk 00:56:37]} {[%emt 00:00:12]} 28. Kf4 {[%clk 00:29:43]} {[%emt 00:00:07]}
h5 {[%clk 00:55:59]} {[%emt 00:01:08]} 29. Kg5 {[%clk 00:25:36]} {[%emt
00:04:36]} hxg4 {[%clk 00:55:59]} {[%emt 00:00:31]} 1/2-1/2

[Event "ODJM A 2024"]
[Site "Willingen GER"]
[Date "2024.05.21"]
[Round "4"]
[White "Mehner, Lorenz"]
[Black "Ratushnyi, Viktor"]
[Result "0-1"]
[Termination "normal"]
[Board "24"]
[WhiteElo "1799"]
[BlackElo "1880"]
[WhiteClock "00:00:37"]
[BlackClock "00:00:35"]
[PlyCount "58"]
[WhiteFideId "16293096"]
[BlackFideId "34167293"]
[EventCountry "GER"]
[EventRounds "9"]
[EventType "swiss"]
[EventDate "2024.05.18"]

1. d4 {[%clk 01:30:54]} {[%emt 00:00:05]} Nf6 {[%clk 01:30:53]} {[%emt
00:00:07]} 2. c4 {[%clk 01:31:20]} {[%emt 00:00:05]} d6 {[%clk 01:31:15]}
{[%emt 00:00:07]} 3. Nc3 {[%emt 00:01:05]} e5 {[%clk 01:31:10]} {[%emt
00:00:29]} 4. e4 {[%clk 01:22:39]} {[%emt 00:08:42]} exd4 {[%clk 01:22:13]}
{[%emt 00:09:26]} 5. Qxd4 {[%clk 01:22:21]} {[%emt 00:00:48]} Nc6 {[%clk
01:22:24]} {[%emt 00:00:19]} 6. Qd1 {[%clk 01:21:17]} {[%emt 00:01:35]} Be7
{[%clk 01:20:29]} {[%emt 00:02:26]} 7. Nge2 {[%clk 01:18:55]} {[%emt 00:02:51]}
O-O {[%clk 01:18:20]} {[%emt 00:02:38]} 8. Nf4 {[%clk 01:16:48]} {[%emt
00:02:37]} Re8 {[%clk 01:11:06]} {[%emt 00:07:44]} 9. Be2 {[%clk 01:16:12]}
{[%emt 00:01:07]} Bf8 {[%clk 01:06:56]} {[%emt 00:04:40]} 10. f3 {[%clk
01:15:56]} {[%emt 00:00:46]} g6 {[%clk 00:54:47]} {[%emt 00:12:38]} 11. Be3
{[%clk 01:13:41]} {[%emt 00:02:45]} Bg7 {[%clk 00:54:02]} {[%emt 00:01:16]} 12.
O-O {[%clk 01:12:12]} {[%emt 00:01:58]} Nd7 {[%clk 00:37:17]} {[%emt 00:17:15]}
13. Nfd5 {[%clk 01:01:12]} {[%emt 00:11:31]} a6 {[%clk 00:35:00]} {[%emt
00:02:47]} 14. Rc1 {[%clk 00:47:30]} {[%emt 00:14:11]} Nf8 {[%clk 00:28:06]}
{[%emt 00:07:24]} 15. f4 {[%clk 00:39:59]} {[%emt 00:08:02]} f5 {[%clk
00:24:07]} {[%emt 00:04:28]} 16. exf5 {[%clk 00:38:27]} {[%emt 00:02:02]} Bxf5
{[%clk 00:23:15]} {[%emt 00:01:22]} 17. g4 {[%clk 00:36:18]} {[%emt 00:02:39]}
Be6 {[%clk 00:19:11]} {[%emt 00:04:34]} 18. f5 {[%clk 00:33:27]} {[%emt
00:03:21]} gxf5 {[%clk 00:17:42]} {[%emt 00:02:00]} 19. gxf5 {[%clk 00:33:05]}
{[%emt 00:00:52]} Bxd5 {[%clk 00:18:07]} {[%emt 00:00:05]} 20. Nxd5 {[%clk
00:32:25]} {[%emt 00:01:10]} Nd7 {[%clk 00:14:19]} {[%emt 00:04:17]} 21. Bd3
{[%clk 00:05:43]} {[%emt 00:27:12]} Nf6 {[%clk 00:07:26]} {[%emt 00:07:24]} 22.
Bg5 {[%clk 00:04:33]} {[%emt 00:01:39]} Ne5 {[%clk 00:07:15]} {[%emt 00:00:42]}
23. Rc2 {[%clk 00:03:41]} {[%emt 00:01:20]} Kh8 {[%clk 00:06:11]} {[%emt
00:01:35]} 24. Rg2 {[%clk 00:03:07]} {[%emt 00:01:04]} Rg8 {[%clk 00:02:08]}
{[%emt 00:04:33]} 25. Kh1 {[%clk 00:02:26]} {[%emt 00:01:12]} c6 {[%clk
00:01:19]} {[%emt 00:01:19]} 26. Nf4 {[%clk 00:02:31]} {[%emt 00:00:25]} Qd7
{[%clk 00:00:34]} {[%emt 00:01:15]} 27. Rfg1 {[%clk 00:02:24]} {[%emt
00:00:36]} Qf7 {[%clk 00:00:34]} {[%emt 00:00:31]} 28. Ne6 {[%clk 00:01:32]}
{[%emt 00:01:22]} Nfd7 {[%clk 00:00:34]} {[%emt 00:00:30]} 29. Be2 {[%clk
00:00:37]} {[%emt 00:01:24]} Qxf5 {[%clk 00:00:35]} {[%emt 00:00:29]} 0-1

[Event "ODJM A 2024"]
[Site "Willingen GER"]
[Date "2024.05.21"]
[Round "4"]
[White "Schulz, Tim"]
[Black "Gold, Jan Christian"]
[Result "0-1"]
[Termination "normal"]
[Board "25"]
[WhiteElo "1850"]
[BlackElo "1969"]
[WhiteClock "00:43:12"]
[BlackClock "00:56:39"]
[PlyCount "50"]
[WhiteFideId "34629165"]
[BlackFideId "16298128"]
[EventCountry "GER"]
[EventRounds "9"]
[EventType "swiss"]
[EventDate "2024.05.18"]

1. d4 {[%clk 01:30:57]} {[%emt 00:00:03]} Nf6 {[%clk 01:30:52]} {[%emt
00:00:08]} 2. Nf3 {[%clk 01:31:23]} {[%emt 00:00:04]} d5 {[%clk 01:31:17]}
{[%emt 00:00:05]} 3. e3 {[%clk 01:31:47]} {[%emt 00:00:05]} c5 {[%clk
01:31:27]} {[%emt 00:00:20]} 4. dxc5 {[%clk 01:32:01]} {[%emt 00:00:17]} e6
{[%clk 01:31:42]} {[%emt 00:00:15]} 5. b4 {[%clk 01:32:19]} {[%emt 00:00:11]}
a5 {[%clk 01:31:47]} {[%emt 00:00:26]} 6. c3 {[%clk 01:32:43]} {[%emt
00:00:05]} Bd7 {[%clk 01:31:40]} {[%emt 00:00:38]} 7. Ne5 {[%clk 01:23:04]}
{[%emt 00:10:08]} axb4 {[%clk 01:30:16]} {[%emt 00:01:55]} 8. cxb4 {[%clk
01:19:58]} {[%emt 00:03:36]} b6 {[%clk 01:26:28]} {[%emt 00:04:18]} 9. Nxd7
{[%clk 01:14:13]} {[%emt 00:06:15]} Nbxd7 {[%clk 01:22:31]} {[%emt 00:04:26]}
10. a4 {[%clk 01:04:33]} {[%emt 00:10:10]} bxc5 {[%clk 01:21:10]} {[%emt
00:01:52]} 11. b5 {[%clk 01:04:34]} {[%emt 00:00:29]} c4 {[%clk 01:21:00]}
{[%emt 00:00:41]} 12. Be2 {[%clk 01:03:20]} {[%emt 00:01:43]} Bb4+ {[%clk
01:13:06]} {[%emt 00:08:24]} 13. Bd2 {[%clk 01:02:06]} {[%emt 00:01:44]} Qa5
{[%clk 01:12:43]} {[%emt 00:00:53]} 14. Bxb4 {[%clk 00:59:43]} {[%emt
00:02:52]} Qxb4+ {[%clk 01:13:11]} {[%emt 00:00:03]} 15. Qd2 {[%clk 00:55:11]}
{[%emt 00:05:01]} Rxa4 {[%clk 01:10:12]} {[%emt 00:03:30]} 16. Qxb4 {[%clk
00:54:30]} {[%emt 00:01:11]} Rxb4 {[%clk 01:10:17]} {[%emt 00:00:23]} 17. Ra8+
{[%clk 00:54:57]} {[%emt 00:00:05]} Ke7 {[%clk 01:10:26]} {[%emt 00:00:20]} 18.
Rxh8 {[%clk 00:54:45]} {[%emt 00:00:42]} Rxb1+ {[%clk 01:10:52]} {[%emt
00:00:03]} 19. Bd1 {[%clk 00:55:05]} {[%emt 00:00:11]} Ne4 {[%clk 01:09:52]}
{[%emt 00:01:31]} 20. Rc8 {[%clk 00:51:08]} {[%emt 00:04:25]} Ne5 {[%clk
01:03:00]} {[%emt 00:07:24]} 21. f3 {[%clk 00:44:32]} {[%emt 00:07:05]} Nd3+
{[%clk 01:03:06]} {[%emt 00:00:25]} 22. Ke2 {[%clk 00:44:49]} {[%emt 00:00:13]}
Rb2+ {[%clk 01:01:53]} {[%emt 00:01:43]} 23. Kf1 {[%clk 00:43:38]} {[%emt
00:01:40]} Nd2+ {[%clk 01:01:53]} {[%emt 00:00:30]} 24. Ke2 {[%clk 00:43:28]}
{[%emt 00:00:40]} Nb1+ {[%clk 00:59:52]} {[%emt 00:02:32]} 25. Kf1 {[%clk
00:43:12]} {[%emt 00:00:46]} Nc3 {[%clk 00:56:39]} {[%emt 00:03:44]} 0-1